László Miklós: Verím v kompromis, v rovnocenný vzťah medzi hospodárskym rozvojom a životným prostredím
Rozhovor s ministrom životného prostredia L. Miklósom. Súčasné kompetencie Ministerstva životného prostredia. Environmentálne vedomie podnikateľov u nás a vo svete. Spolupráca Ministerstva životného prostredia a Ministerstva pôdohospodárstva. Vplyv používania ropných produktov na klimatické zmeny. V...
Enregistré dans:
| Auteur principal: | |
|---|---|
| Autres auteurs: | |
| Format: | Chapitre de livre |
| Langue: | slovaque |
| Sujets: | |
| Tags: |
Pas de tags, Soyez le premier à ajouter un tag!
|
MARC
| LEADER | 00000naa a2200000 4500 | ||
|---|---|---|---|
| 001 | r035247 | ||
| 005 | 20230921103850.7 | ||
| 041 | 0 | |a slo | |
| 044 | |a SK | ||
| 245 | 1 | 0 | |a László Miklós: Verím v kompromis, v rovnocenný vzťah medzi hospodárskym rozvojom a životným prostredím |c Katarína Začková |
| 520 | |a Rozhovor s ministrom životného prostredia L. Miklósom. Súčasné kompetencie Ministerstva životného prostredia. Environmentálne vedomie podnikateľov u nás a vo svete. Spolupráca Ministerstva životného prostredia a Ministerstva pôdohospodárstva. Vplyv používania ropných produktov na klimatické zmeny. Vzťah medzi hospodárskym rozvojom a životným prostredím. Význam environmentálnej výchovy. | ||
| 610 | 2 | 0 | |a environmentalistika |
| 610 | 2 | 0 | |a prostredie životné |
| 610 | 2 | 0 | |a ochrana prostredia životného |
| 610 | 2 | 0 | |a transformácia |
| 610 | 2 | 0 | |a privatizácia |
| 610 | 2 | 0 | |a politika environmentálna |
| 610 | 2 | 0 | |a financie |
| 610 | 2 | 0 | |a Slovensko |
| 610 | 2 | 0 | |a zmeny klimatické |
| 100 | 1 | |a Začková, Katarína | |
| 700 | 1 | |a Miklós, László | |